000 00485nam a2200169Ia 4500
008 090711s9999 xx 000 0 und d
082 _b46959
100 _aभावे पुरुषोत्तम भा.
245 _aथंडी
260 _c1980
300 _a108
600 _aभावे पुरुषोत्तम भा.
630 _aथंडी
700 _aभावे पुरुषोत्तम भा.
730 _aथंडी
942 _cBOOK
999 _c306353
_d306353